| 000 | 00353nam a2200133Ia 4500 | ||
|---|---|---|---|
| 008 | 240624s9999 xx 000 0 und d | ||
| 041 | _aeng | ||
| 082 | _a657.45 TAT | ||
| 100 | _aTATE WILLIAM | ||
| 245 | _aORGANISATIONAL LEADERSHIP AUDIT | ||
| 260 |
_c2010 _aUK _bCambridge Strategy Publications Ltd |
||
| 300 | _a109 : p. : cm. ; 29 | ||
| 365 |
_cRS _b50 |
||
| 999 |
_c28485 _d28485 |
||